000 01007nam a22002415i 4500
001 151640
003 ES-MaACL
005 20251003165642.0
008 921218s1883 sp a |||| | spa d
040 _aCAT
_bspa
_cCAT
_dCCPB
080 4 _a830-31"18"
245 0 0 _aAventuras del Barón de Munchhausen /
_cversión castellana de Cecilio Navarro.
260 _aBarcelona :
_b[s.n.],
_c1883 (
_fImpr. de Luis Tasso Serra)
300 _a249 p. :
_bil. ;
_c23 cm.
594 1 _aObra que refon l'escrita per Rudolf Erich Raspe i les posteriors reelaboracions de Gottfried August Burger i Karl Lebrecht Immermann (B)
700 _aRaspe, Rudolf Erich,
_d1737-1794
_9221692
700 1 _aBürger, Gottfried August,
_d1747-1794
_9126270
700 1 _aImmermann, Karl Lebrecht,
_d1796-1840
_9128167
700 _aNavarro, Cecilio,
_dm. 1889
_etrad.
_9221695
752 _aEspaña -
_dBarcelona
852 _aES-MaACL
_jD-1671
_z-- Rúst.
_x-- Edic.: corregir T300 252 p.
999 _c151640
_d151640